[Event "Montreal op"]
[Site "Montreal"]
[Date "2024.09.14"]
[Round "2"]
[White "Huynh, Tran Minh Hoang"]
[Black "Berube, Maximilien"]
[Result "1/2-1/2"]
[WhiteElo "1836"]
[BlackElo "1887"]
[PlyCount "82"]
[EventDate "2024.09.13"]
[EventType "swiss"]
[EventRounds "5"]
[EventCountry "CAN"]
[SourceTitle "CB39_2024"]
[SourceDate "2024.09.25"]
[SourceVersion "1"]
[SourceVersionDate "2024.09.25"]
[SourceQuality "1"]

1. Nf3 Nf6 2. c4 e6 3. e3 d5 4. b3 c5 5. Bb2 Nc6 6. d4 cxd4 7. exd4 Be7 8. Nbd2 0-0 9. Bd3 b6 10. Rc1 Bb7 11. Qe2 Rc8 12. 0-0 Bd6 13. Ne5 Qe7 14. Ndf3 Ba3 15. Nxc6 Rxc6 16. Ne5 Rc7 17. Rfd1 dxc4 18. bxc4 Rd8 19. c5 Bxb2 20. Qxb2 Rdc8 21. cxb6 Rxc1 22. Rxc1 Rxc1+ 23. Qxc1 axb6 24. Qb2 Qd6 25. f3 Bd5 26. a4 g6 27. Qc3 Qd8 28. Bb5 Kg7 29. g4 h5 30. h3 Bb7 31. Qd2 Qd6 32. Qf4 Qe7 33. Bc4 hxg4 34. hxg4 Bd5 35. Bb5 Nh7 36. Be2 Ng5 37. Kg2 Bb3 38. Nd3 Nh7 39. Qe5+ Qf6 40. Qb5 Bc2 41. Ne5 Ng5 1/2-1/2

[Event "Montreal op"]
[Site "Montreal"]
[Date "2024.09.13"]
[Round "1"]
[White "Stoica, Savas Marin"]
[Black "Huynh, Tran Minh Hoang"]
[Result "1/2-1/2"]
[WhiteElo "2119"]
[BlackElo "1836"]
[PlyCount "45"]
[EventDate "2024.09.13"]
[EventType "swiss"]
[EventRounds "5"]
[EventCountry "CAN"]
[SourceTitle "CB39_2024"]
[SourceDate "2024.09.25"]
[SourceVersion "1"]
[SourceVersionDate "2024.09.25"]
[SourceQuality "1"]

1. e4 c5 2. Nf3 e6 3. d4 cxd4 4. Nxd4 a6 5. Qd3 Nf6 6. Nc3 Qc7 7. Qg3 Qxg3 8. hxg3 d6 9. f3 Be7 10. g4 Nc6 11. Be3 0-0 12. Nxc6 bxc6 13. Bd3 e5 14. Na4 Be6 15. b3 Nd7 16. Rd1 h6 17. c4 c5 18. Kf2 Rfb8 19. Bc2 Nb6 20. Nc3 f6 21. Rd2 Kf7 22. Rhd1 Nc8 23. Ne2 1/2-1/2